| 000 | 00575nam a2200169 i 4500 | ||
|---|---|---|---|
| 001 | 50445 | ||
| 003 | ES-MaACL | ||
| 005 | 20230906162159.0 | ||
| 007 | t| | ||
| 008 | 030804s1966 sp ||||1| spa d | ||
| 100 | 1 |
_aCutting, Windsor C. _942296 |
|
| 245 | 1 | 0 |
_aManual de farmacología _b: acción y uso de los medicamentos / _cpor Windsor C. Cutting ; traducción de JOrge Balasch Martín. |
| 260 |
_aBarcelona : _bMontaner y Simón, _c[1966] |
||
| 300 |
_aVII, 714 p. : _bil. ; _c24 cm. |
||
| 700 | 1 |
_aBalasch Martín, Jorge. _924829 |
|
| 852 |
_aES-MaACL _jC-31541 _bR.61356 |
||
| 999 |
_c50445 _d50445 |
||